01171cam a22002774i 4500003000900000005001700009008004100026035001900067040003300086082002000119100003700139245003500176264006500211300005100276336002100327337002500348338002300373504002800396505041300424526000900837526000900846526000800855526000800863526000800871650001400879PE-LiUPU20250731183416.0150623s r 000 0 d a(Sirsi) a26410 aPE-LiUPUbspacPE-LiUPUerda04a796.51bF542211 aFinley, William,d1944-,eautor.10aRacewalking /cWilliam Finley. 1aLexington, Massachusetts :bThe Stephen Greene Press,c1985. a111 páginas :bilustraciones fotos ;c28 cm. atext2rdacontent aunmediated2rdamedia avolume2rdacarrier aIncluye bibliografía.0 aIf you can walk, you can racewalk. Go for the gold. The hidden gift of racewalking. Meet the authors. You begin. A few beginning warmups. Good form and how to get it. The racewalker in training. The well-nourished racewalker. The well-dressed racewalker:clothing and related gear. Mapping your course. The woman racewalker. Breaking new ground. Spiritual Benefits. Sport of the future. Warmups and warmdowns. aP158 aP146 aP17 aP12 aP0604aCaminata.